| 000 | 00584nam a2200217 i 4500 | ||
|---|---|---|---|
| 001 | 70401 | ||
| 003 | ES-MaACL | ||
| 005 | 20250725062534.0 | ||
| 007 | t| | ||
| 008 | 040723s1983 sp ad |||| | spa d | ||
| 020 | _a84-283-1264-8 | ||
| 100 | 1 |
_aGarcía Santesmases, José. _955272 |
|
| 245 | 1 | 0 |
_aFísica general / _cpor José García Santesmases. |
| 250 | _a9ª ed. | ||
| 260 |
_aMadrid : _bParaninfo, _c1983. |
||
| 300 |
_aXX, 1001 p. : _bil. ; _c24 cm. |
||
| 500 | _aÍndice. | ||
| 650 | 0 | 7 |
_aFísica _2embne _912877 |
| 852 |
_aES-MaACL _jL-10771 |
||
| 999 |
_c70401 _d70401 |
||